[Event "Titled Tuesday intern op 16th Apr Early"]
[Site "Chess.com INT"]
[Date "2024.04.16"]
[Round "7"]
[White "Hercegovac, Neven"]
[Black "Karwowski, Kacper"]
[Result "1-0"]
[WhiteElo "2344"]
[BlackElo "2155"]
[PlyCount "129"]
[EventDate "2024.04.16"]
[EventType "swiss (blitz)"]
[EventRounds "11"]
[EventCountry "USA"]
[SourceTitle "CB17_2024"]
[SourceDate "2024.04.24"]
[SourceVersion "1"]
[SourceVersionDate "2024.04.24"]
[SourceQuality "1"]

1. e4 Nf6 2. e5 Nd5 3. d4 d6 4. Bc4 Nb6 5. Bb3 dxe5 6. Qf3 e6 7. dxe5 Nc6 8. Qg3 a5 9. c3 a4 10. Bc2 g6 11. Nf3 Be7 12. 0-0 Ra5 13. Bf4 Nc4 14. Bc1 N4xe5 15. Nxe5 Rxe5 16. Bf4 Bh4 17. Bxe5 Bxg3 18. Bxh8 Be5 19. Bxe5 Nxe5 20. Bxa4+ Bd7 21. Bxd7+ Qxd7 22. Na3 Qd2 23. Rab1 Qg5 24. f4 Qf5 25. fxe5 Qxe5 26. Kh1 b5 27. Nc2 c6 28. Nd4 Qc5 29. Ra1 e5 30. Rfe1 Kf8 31. Nf3 f6 32. a4 bxa4 33. Rxa4 g5 34. Rf1 Kg7 35. Rfa1 Qb5 36. b4 h5 37. Ng1 Qc4 38. Ra7+ Kg6 39. Rc1 Qf4 40. Rd1 Qg4 41. Rdd7 Qc4 42. Rd6 Qxc3 43. Ra6 Qxb4 44. Raxc6 g4 45. Rxf6+ Kg5 46. Rg6+ Kf5 47. Rcf6+ Ke4 48. Rg5 Qd2 49. Rxh5 Qe1 50. Rg6 Kd5 51. Rxg4 Qd1 52. Rgg5 Kd6 53. Rxe5 Qa1 54. Rhg5 Kc6 55. h4 Kd6 56. h5 Qc3 57. h6 Qb4 58. Rh5 Qb8 59. h7 Qh8 60. Reg5 Ke7 61. Rg8 Qf6 62. h8Q Qf2 63. Qe5+ Kf7 64. Rg7+ Kf8 65. Rh8# 1-0

[Event "Titled Tuesday intern op 19th Sep Early"]
[Site "Chess.com INT"]
[Date "2023.09.19"]
[Round "2"]
[White "Karwowski, Kacper"]
[Black "Saydaliev, Saidakbar"]
[Result "1-0"]
[WhiteElo "2155"]
[BlackElo "2426"]
[PlyCount "45"]
[EventDate "2023.09.19"]
[EventType "swiss (blitz)"]
[EventRounds "11"]
[EventCountry "USA"]
[SourceTitle "EXT 2024"]
[Source "ChessBase"]
[SourceDate "2023.10.10"]
[SourceVersion "1"]
[SourceVersionDate "2023.10.10"]
[SourceQuality "1"]

1. e4 c5 2. Nf3 d6 3. d4 cxd4 4. Nxd4 Nf6 5. Nc3 a6 6. Be3 e5 7. Nb3 Be6 8. f3 h5 9. Qd2 Nbd7 10. 0-0-0 Rc8 11. Nd5 Bxd5 12. exd5 Nb6 13. Qa5 Nbxd5 14. Rxd5 Nxd5 15. Qxd5 Be7 16. Bd3 Bg5 17. f4 exf4 18. Bd4 0-0 19. h4 Bh6 20. Qxh5 f3+ 21. Kb1 fxg2 22. Rg1 Qe8 23. Qxh6 1-0

[Event "Warsaw Szansa blitz op"]
[Site "Warsaw"]
[Date "2023.09.16"]
[Round "6"]
[White "Karwowski, Kacper"]
[Black "Czarnecka, Lidia"]
[Result "1-0"]
[WhiteElo "2155"]
[BlackElo "2048"]
[PlyCount "71"]
[EventDate "2023.09.16"]
[EventType "swiss (blitz)"]
[EventRounds "13"]
[EventCountry "POL"]
[SourceTitle "EXT 2024"]
[Source "ChessBase"]
[SourceDate "2023.10.10"]
[SourceVersion "1"]
[SourceVersionDate "2023.10.10"]
[SourceQuality "1"]

1. e4 c5 2. Nf3 e6 3. d4 cxd4 4. Nxd4 Nc6 5. Nc3 Qc7 6. a3 Nf6 7. Be2 Nxd4 8. Qxd4 Bc5 9. Qd3 a6 10. Qg3 Qxg3 11. hxg3 d6 12. Bf4 b5 13. Rd1 e5 14. Bg5 Bb7 15. Bxf6 gxf6 16. Nd5 Bxd5 17. Rxd5 Ke7 18. c3 Rag8 19. Bd1 Rg5 20. Bc2 h5 21. Rh4 Rg4 22. Bd1 Rg5 23. Bf3 f5 24. exf5 Rxf5 25. a4 bxa4 26. Rxa4 Rb8 27. b4 Bb6 28. Rxa6 Ke6 29. Rd2 e4 30. Bxe4 Re5 31. Re2 Kd7 32. f4 Re7 33. Bf5+ Kd8 34. Rxe7 Kxe7 35. Ke2 Kf6 36. Be4 1-0

[Event "Warsaw Szansa blitz op"]
[Site "Warsaw"]
[Date "2023.09.16"]
[Round "1"]
[White "Lipka, Ignacy"]
[Black "Karwowski, Kacper"]
[Result "0-1"]
[WhiteElo "1687"]
[BlackElo "2155"]
[PlyCount "92"]
[EventDate "2023.09.16"]
[EventType "swiss (blitz)"]
[EventRounds "13"]
[EventCountry "POL"]
[SourceTitle "EXT 2024"]
[Source "ChessBase"]
[SourceDate "2023.10.10"]
[SourceVersion "1"]
[SourceVersionDate "2023.10.10"]
[SourceQuality "1"]

1. e4 c5 2. Nf3 Nc6 3. Bb5 g6 4. 0-0 Bg7 5. d3 Nf6 6. Nc3 0-0 7. Bg5 d6 8. Qd2 Bg4 9. Bxc6 bxc6 10. Ne1 Rb8 11. Rb1 Re8 12. f4 Qa5 13. Nf3 Bxf3 14. Rxf3 Nd7 15. Rff1 Rxb2 16. Rxb2 Bxc3 17. Qc1 Bxb2 18. Qxb2 Rb8 19. Qa1 f6 20. Bh4 c4 21. Kh1 cxd3 22. cxd3 Qb4 23. Qd1 Kf7 24. f5 Ne5 25. fxg6+ hxg6 26. Bg3 Qd4 27. Bxe5 Qxe5 28. Re1 Rh8 29. h3 Qe6 30. Qf3 Qxa2 31. Rc1 c5 32. Qe3 Qe6 33. Ra1 Rb8 34. d4 cxd4 35. Qxd4 Rb7 36. Rxa7 Rxa7 37. Qxa7 Qxe4 38. Qa2+ Qe6 39. Qa7 Qe1+ 40. Kh2 Qe5+ 41. Kh1 d5 42. Qa2 Kg7 43. Qa7 d4 44. Kg1 d3 45. Kf1 Qe2+ 46. Kg1 d2 0-1

[Event "Titled Tuesday intern op 01st Aug Late"]
[Site "Chess.com INT"]
[Date "2023.08.01"]
[Round "3"]
[White "Harshavardhan, GB."]
[Black "Karwowski, Kacper"]
[Result "1-0"]
[WhiteElo "2413"]
[BlackElo "2155"]
[PlyCount "119"]
[EventDate "2023.08.01"]
[EventType "swiss (blitz)"]
[EventRounds "11"]
[EventCountry "USA"]
[SourceTitle "EXT 2024"]
[Source "ChessBase"]
[SourceDate "2023.10.10"]
[SourceVersion "1"]
[SourceVersionDate "2023.10.10"]
[SourceQuality "1"]

1. d4 d5 2. c4 e6 3. Nc3 a6 4. cxd5 exd5 5. Qb3 c5 6. Qxd5 cxd4 7. Qxd8+ Kxd8 8. Ne4 Bf5 9. Ng3 Bg6 10. Nf3 Nc6 11. e3 Bc5 12. Bc4 dxe3 13. Bxe3 Bxe3 14. fxe3 f6 15. 0-0 Nge7 16. e4 Kc7 17. Rac1 Rad8 18. Bb3 Kb8 19. Rfe1 Ne5 20. Nxe5 fxe5 21. h4 Rhf8 22. Rc5 Nc6 23. Re3 Rd2 24. h5 Bf7 25. Rc2 Rxc2 26. Bxc2 Bxa2 27. b3 Nd4 28. Bd1 Rc8 29. Kh2 Rc1 30. Rd3 Bb1 31. Rd2 Rc3 32. Nf5 Nxf5 33. exf5 Bxf5 34. Rd8+ Rc8 35. Rd5 Re8 36. g4 Be4 37. Rd2 Re7 38. Kg3 g5 39. Rd8+ Kc7 40. Rg8 Bc6 41. Rxg5 e4 42. Be2 e3 43. Rf5 Kd6 44. Kf4 Bb5 45. Kf3 Bxe2+ 46. Kxe2 Re4 47. g5 Rh4 48. h6 Ke6 49. Rf6+ Ke7 50. Rb6 Rh2+ 51. Kxe3 Rh3+ 52. Kf4 Kf8 53. Rxb7 a5 54. Rxh7 Rxb3 55. Ra7 Rb4+ 56. Kf5 Rb5+ 57. Kg6 Rb6+ 58. Kh5 Rb1 59. h7 Rh1+ 60. Kg6 1-0

[Event "Titled Tuesday intern op 02nd May Early"]
[Site "Chess.com INT"]
[Date "2023.05.02"]
[Round "5"]
[White "Molina, Roberto Junio Brito"]
[Black "Karwowski, Kacper"]
[Result "1-0"]
[WhiteElo "2403"]
[BlackElo "2164"]
[PlyCount "181"]
[EventDate "2023.05.02"]
[EventType "swiss (blitz)"]
[EventRounds "11"]
[EventCountry "USA"]
[SourceTitle "EXT 2024"]
[Source "ChessBase"]
[SourceDate "2023.10.10"]
[SourceVersion "1"]
[SourceVersionDate "2023.10.10"]
[SourceQuality "1"]

1. d4 Nf6 2. Nf3 d5 3. e3 c6 4. Be2 Bf5 5. 0-0 h6 6. b3 e6 7. Bb2 Nbd7 8. c4 Bd6 9. Bd3 Bxd3 10. Qxd3 Qe7 11. Nbd2 Rd8 12. e4 dxe4 13. Nxe4 Nxe4 14. Qxe4 Nf6 15. Qe2 0-0 16. Rad1 a5 17. a4 Rfe8 18. Rd3 Rb8 19. Bc3 Qc7 20. Rfd1 b5 21. axb5 cxb5 22. c5 Bf8 23. Ra1 b4 24. Bd2 Nd5 25. Ne5 Rbd8 26. Nc4 Ra8 27. Ra4 Red8 28. g3 g6 29. Qe5 Qxe5 30. Nxe5 Nc7 31. Nc6 Rd5 32. Bf4 Nb5 33. Nxb4 Rxd4 34. Rxd4 Nxd4 35. Nd3 Nxb3 36. Be3 Rc8 37. Kf1 Rc7 38. Rc4 a4 39. Rxa4 Nxc5 40. Nxc5 Bxc5 41. Bxh6 Be7 42. Ra8+ Kh7 43. Be3 Bf6 44. Ra2 Rb7 45. h4 Kg7 46. Kg2 Rd7 47. Kf3 Rb7 48. Ra4 Rd7 49. Ra5 Rd5 50. Ra7 e5 51. Ke4 Rb5 52. Ra4 Rb3 53. Rc4 Rb5 54. Bd2 Rb2 55. Be3 Rb3 56. Bc1 Rb1 57. Rc6 Rb4+ 58. Kf3 Rb3+ 59. Ke2 Rb5 60. Bd2 Rd5 61. Bc3 Rb5 62. Kd3 Be7 63. f4 f6 64. fxe5 fxe5 65. Ke4 Bf6 66. Rc7+ Kg8 67. h5 gxh5 68. Kf5 Bg7 69. Kg6 Rb6+ 70. Kxh5 Re6 71. Kg4 Bf6 72. Kf5 Rb6 73. g4 Bg7 74. g5 Ra6 75. Rc8+ Kf7 76. g6+ Ke7 77. Rc7+ Kf8 78. Bb4+ Kg8 79. Rc8+ Bf8 80. Rxf8+ Kg7 81. Rf7+ Kg8 82. Re7 e4 83. Bc3 Ra8 84. Bf6 e3 85. Rxe3 Rf8 86. Kg5 Rc8 87. Re5 Rb8 88. Kh6 Rc8 89. Re6 Rb8 90. Re7 Rc8 91. Rh7 1-0

[Event "POL-ch Universities"]
[Site "Bydgoszcz"]
[Date "2023.03.11"]
[Round "7"]
[White "Psyk, Radoslaw"]
[Black "Karwowski, Kacper"]
[Result "1-0"]
[WhiteElo "2422"]
[BlackElo "2164"]
[PlyCount "113"]
[EventDate "2023.03.10"]
[EventType "swiss"]
[EventRounds "9"]
[EventCountry "POL"]
[SourceTitle "CBM 213 Extra"]
[Source "ChessBase"]
[SourceDate "2023.05.31"]
[SourceVersion "1"]
[SourceVersionDate "2023.05.31"]
[SourceQuality "1"]

1. e4 c5 2. Be2 e6 3. d3 d5 4. f4 dxe4 5. dxe4 Qxd1+ 6. Bxd1 Nc6 7. Nf3 b5 8. c3 Bb7 9. Nbd2 Nf6 10. e5 Nd5 11. Ne4 f5 12. exf6 gxf6 13. a4 a6 14. 0-0 Be7 15. Re1 Kf7 16. Ng3 c4 17. Nh4 Bc5+ 18. Kh1 f5 19. Bh5+ Kf6 20. Nf3 h6 21. Bd2 Rh7 22. Re2 Re7 23. Ree1 Bd6 24. Ne2 Kg7 25. axb5 axb5 26. Rxa8 Bxa8 27. Ned4 Nxd4 28. Nxd4 Bxf4 29. Nxf5+ exf5 30. Rxe7+ Nxe7 31. Bxf4 Be4 32. Be5+ Kh7 33. Kg1 Ng6 34. Bd6 Kg7 35. Kf2 Kf6 36. Ke3 Ne5 37. g3 Nd3 38. Ba3 Ke5 39. Be8 b4 40. cxb4 Ne1 41. b5 Nc2+ 42. Kd2 Nd4 43. Kc3 Nf3 44. Bc6 Bxc6 45. bxc6 Ke6 46. Kxc4 Nxh2 47. b4 Nf1 48. b5 Ne3+ 49. Kc5 f4 50. gxf4 h5 51. b6 h4 52. b7 h3 53. b8Q h2 54. Qe8+ Kf6 55. Qe5+ Kg6 56. Qg5+ Kf7 57. Qh5+ 1-0

[Event "Titled Tuesday intern op 21st Feb Late"]
[Site "Chess.com INT"]
[Date "2023.02.21"]
[Round "10"]
[White "Karwowski, Kacper"]
[Black "Marin, Sebastian"]
[Result "0-1"]
[WhiteElo "2198"]
[BlackElo "2269"]
[PlyCount "82"]
[EventDate "2023.02.21"]
[EventType "swiss (blitz)"]
[EventRounds "11"]
[EventCountry "USA"]
[SourceTitle "CBM 212 Extra"]
[Source "ChessBase"]
[SourceDate "2023.03.31"]
[SourceVersion "1"]
[SourceVersionDate "2023.03.31"]
[SourceQuality "1"]

1. e4 e5 2. Nf3 Nc6 3. d4 exd4 4. Nxd4 Nf6 5. Nxc6 bxc6 6. Nc3 Bb4 7. Bd3 0-0 8. 0-0 d5 9. exd5 cxd5 10. Bg5 c6 11. h3 h6 12. Bh4 a5 13. Qf3 Be7 14. Rfe1 Be6 15. Ne2 Rb8 16. Nd4 Bd7 17. Nf5 Bxf5 18. Qxf5 g6 19. Qf4 Kg7 20. Re2 Nh5 21. Qe5+ Bf6 22. Bxf6+ Qxf6 23. Qxf6+ Kxf6 24. b3 Nf4 25. Rd2 a4 26. Kh2 a3 27. g3 Ne6 28. c4 d4 29. Bf1 Rfd8 30. c5 Rd5 31. Rc1 Rc8 32. b4 Rf5 33. Kg1 Rb8 34. Bd3 Re5 35. Rc4 Rd5 36. Be2 Rd7 37. Bg4 Ke5 38. Bxe6 fxe6 39. f4+ Ke4 40. Kg2 Ke3 41. Rcc2 d3 0-1

[Event "Titled Tuesday intern op 21st Feb Late"]
[Site "Chess.com INT"]
[Date "2023.02.21"]
[Round "7"]
[White "Micic, Aleksa"]
[Black "Karwowski, Kacper"]
[Result "1-0"]
[WhiteElo "2273"]
[BlackElo "2198"]
[PlyCount "85"]
[EventDate "2023.02.21"]
[EventType "swiss (blitz)"]
[EventRounds "11"]
[EventCountry "USA"]
[SourceTitle "CBM 212 Extra"]
[Source "ChessBase"]
[SourceDate "2023.03.31"]
[SourceVersion "1"]
[SourceVersionDate "2023.03.31"]
[SourceQuality "1"]

1. e4 d6 2. d4 Nf6 3. Bd3 g6 4. Nf3 Nbd7 5. 0-0 Bg7 6. Re1 e5 7. c3 0-0 8. h3 Re8 9. Nbd2 b6 10. a4 Bb7 11. a5 Rb8 12. Qb3 Re7 13. Qc2 Qe8 14. b4 h6 15. Bb2 Kh7 16. dxe5 Nxe5 17. Nxe5 Rxe5 18. c4 Re7 19. Re2 Nh5 20. Bxg7 Kxg7 21. g3 Bc8 22. Kg2 Nf6 23. axb6 axb6 24. Nb3 Bb7 25. f3 Re5 26. Qc3 Qe7 27. Ra7 Kh7 28. Kh2 Bc6 29. Nd4 Be8 30. Rea2 c5 31. Rxe7 cxd4 32. Qxd4 Rxe7 33. Qxf6 Rbb7 34. Ra8 b5 35. cxb5 d5 36. e5 Rbc7 37. b6 Rb7 38. Bb5 d4 39. Rxe8 Rxe8 40. Bxe8 d3 41. Bxf7 d2 42. Qxg6+ Kh8 43. Qxh6# 1-0

[Event "Titled Tuesday intern op 21st Feb Late"]
[Site "Chess.com INT"]
[Date "2023.02.21"]
[Round "4"]
[White "Vaglio Munoz, Jaime"]
[Black "Karwowski, Kacper"]
[Result "0-1"]
[WhiteElo "2174"]
[BlackElo "2198"]
[PlyCount "136"]
[EventDate "2023.02.21"]
[EventType "swiss (blitz)"]
[EventRounds "11"]
[EventCountry "USA"]
[SourceTitle "CBM 212 Extra"]
[Source "ChessBase"]
[SourceDate "2023.03.31"]
[SourceVersion "1"]
[SourceVersionDate "2023.03.31"]
[SourceQuality "1"]

1. Nf3 Nf6 2. b3 d5 3. Bb2 Bf5 4. d3 e6 5. Nh4 Bg6 6. Nxg6 hxg6 7. g3 c6 8. Bg2 Nbd7 9. a3 e5 10. e4 d4 11. 0-0 c5 12. a4 Bd6 13. Na3 Qe7 14. Nc4 Bc7 15. a5 0-0 16. f4 b5 17. axb6 axb6 18. f5 Rxa1 19. Qxa1 b5 20. Nd2 gxf5 21. Rxf5 Ng4 22. Nf1 Bd6 23. Qa5 b4 24. Bc1 g6 25. Rf3 Kg7 26. Qa7 Qe6 27. h3 Ngf6 28. g4 Be7 29. Bg5 Rc8 30. Ng3 Qc6 31. Qa1 Ra8 32. Qf1 Ra2 33. Qc1 Qa6 34. Bh6+ Kh7 35. g5 Ra1 36. Qxa1 Qxa1+ 37. Rf1 Qb2 38. gxf6 Bxf6 39. Bg5 Bxg5 40. Rxf7+ Kh6 41. Rxd7 Qxc2 42. Rd6 Be3+ 43. Kh1 Qxd3 44. Nf5+ Kh7 45. Rd7+ Kg8 46. Ne7+ Kf7 47. Nd5+ Ke8 48. Re7+ Kd8 49. Rg7 Qd1+ 50. Kh2 Bf4+ 51. Nxf4 exf4 52. Rxg6 Qd2 53. Rf6 d3 54. e5 Qe3 55. e6 Ke7 56. Rf7+ Kxe6 57. Rf8 d2 58. Re8+ Kf5 59. Rxe3 fxe3 60. Bf3 c4 61. bxc4 b3 62. Bd1 b2 63. Bc2+ Kf4 64. Kg2 b1Q 65. Bxb1 d1Q 66. Bg6 Qd2+ 67. Kg1 Kg3 68. Kf1 Qf2# 0-1

[Event "Titled Tuesday intern op 07th Feb Late"]
[Site "Chess.com INT"]
[Date "2023.02.07"]
[Round "5"]
[White "Kalajzic, Ivan"]
[Black "Karwowski, Kacper"]
[Result "1-0"]
[WhiteElo "2062"]
[BlackElo "2198"]
[PlyCount "103"]
[EventDate "2023.02.07"]
[EventType "swiss (blitz)"]
[EventRounds "11"]
[EventCountry "USA"]
[SourceTitle "EXT 2024"]
[Source "ChessBase"]
[SourceDate "2023.10.10"]
[SourceVersion "1"]
[SourceVersionDate "2023.10.10"]
[SourceQuality "1"]

1. b3 d5 2. Bb2 Bg4 3. h3 Bh5 4. Nf3 Nf6 5. e3 e6 6. Be2 Be7 7. 0-0 0-0 8. d3 Nbd7 9. Nbd2 c5 10. Ne5 Nxe5 11. Bxh5 Nc6 12. Bf3 e5 13. e4 d4 14. a4 a6 15. Be2 b5 16. f4 exf4 17. Rxf4 Nd7 18. Rf1 Nde5 19. Nf3 Nxf3+ 20. Bxf3 Ne5 21. Bc1 Bg5 22. axb5 Bxc1 23. Qxc1 axb5 24. Qf4 f6 25. Bg4 Qe7 26. Qf5 Kh8 27. Qe6 Qxe6 28. Bxe6 Nc6 29. Rxa8 Rxa8 30. Bd5 Ra6 31. Bxc6 Rxc6 32. Ra1 h5 33. Ra8+ Kh7 34. Rb8 b4 35. Kf2 Kg6 36. h4 f5 37. Kf3 fxe4+ 38. Kxe4 Re6+ 39. Kd5 Re2 40. Kxc5 Rxc2+ 41. Kxb4 Rxg2 42. Rd8 Rg4 43. Kc5 Rxh4 44. b4 Rh1 45. b5 Rb1 46. Rxd4 h4 47. Rxh4 Kf5 48. Rb4 Rc1+ 49. Kd6 Rc8 50. b6 g5 51. b7 Rg8 52. b8Q 1-0

[Event "Titled Tuesday intern op 07th Feb Late"]
[Site "Chess.com INT"]
[Date "2023.02.07"]
[Round "3"]
[White "Karwowski, Kacper"]
[Black "Holt, Conrad"]
[Result "1/2-1/2"]
[WhiteElo "2198"]
[BlackElo "2540"]
[PlyCount "130"]
[EventDate "2023.02.07"]
[EventType "swiss (blitz)"]
[EventRounds "11"]
[EventCountry "USA"]
[SourceTitle "EXT 2024"]
[Source "ChessBase"]
[SourceDate "2023.10.10"]
[SourceVersion "1"]
[SourceVersionDate "2023.10.10"]
[SourceQuality "1"]

1. d4 d5 2. c4 c6 3. Nc3 dxc4 4. a4 e5 5. Nf3 exd4 6. Nxd4 Bc5 7. e3 Nf6 8. Bxc4 0-0 9. 0-0 Qe7 10. Qc2 Rd8 11. Nce2 Qe5 12. Nf3 Qe7 13. b3 Bg4 14. Bb2 Nbd7 15. Ng3 Bxf3 16. gxf3 Ne5 17. Qf5 Nxc4 18. bxc4 Ne8 19. Qg4 Qe6 20. Nf5 Qg6 21. Rfd1 Qxg4+ 22. fxg4 g6 23. Ng3 f6 24. Ne4 Be7 25. Kf1 Kf7 26. Ke2 f5 27. gxf5 gxf5 28. Ng3 Nd6 29. Rac1 Ke6 30. Ba3 a5 31. Bxd6 Bxd6 32. Rb1 Bb4 33. f4 Rab8 34. Rxd8 Rxd8 35. Rd1 Rb8 36. Kd3 b5 37. cxb5 cxb5 38. axb5 Rxb5 39. Ne2 Kf6 40. Nd4 Rc5 41. Rb1 Rc3+ 42. Ke2 Ra3 43. Rb2 Kg6 44. Rc2 Rc3 45. Ra2 Rc1 46. Nb3 Rh1 47. Kf3 Kh5 48. Kg2 Re1 49. Nxa5 Rxe3 50. Nc4 Re4 51. Ne5 Rxf4 52. Nd3 Rg4+ 53. Kf3 Bd6 54. Rg2 Kh4 55. Rxg4+ fxg4+ 56. Kg2 h5 57. Nf2 Bc5 58. Ne4 Bd4 59. h3 gxh3+ 60. Kh1 Kg4 61. Nf2+ Bxf2 62. Kh2 Bg3+ 63. Kh1 Kf4 64. Kg1 Kf3 65. Kh1 Kf2 1/2-1/2

[Event "Titled Tuesday intern op 04th Oct Late"]
[Site "Chess.com INT"]
[Date "2022.10.04"]
[Round "6"]
[White "Karwowski, Kacper"]
[Black "Melikhov, Evgeny V"]
[Result "1/2-1/2"]
[WhiteElo "2213"]
[BlackElo "2269"]
[PlyCount "103"]
[EventDate "2022.10.04"]
[EventType "swiss (blitz)"]
[EventRounds "11"]
[EventCountry "USA"]
[SourceTitle "EXT 2023"]
[Source "ChessBase"]
[SourceDate "2022.10.05"]
[SourceVersion "1"]
[SourceVersionDate "2022.10.05"]
[SourceQuality "1"]

1. e4 c5 2. Nf3 d6 3. Bb5+ Nd7 4. 0-0 a6 5. Bd3 e6 6. c3 Ngf6 7. Re1 Be7 8. Bc2 Qc7 9. d4 0-0 10. Nbd2 b5 11. Nf1 Bb7 12. Ng3 cxd4 13. cxd4 Rac8 14. Bd3 Rfe8 15. Bd2 Bf8 16. Qe2 e5 17. Rac1 Qb8 18. d5 Nc5 19. b4 Nxd3 20. Qxd3 Rxc1 21. Rxc1 Rc8 22. Rc3 Rxc3 23. Qxc3 Qc8 24. Qxc8 Bxc8 25. h3 Nd7 26. Be3 g6 27. Nd2 Be7 28. Ne2 f5 29. f3 f4 30. Bf2 Bd8 31. Nb3 Bb6 32. Na5 Bxf2+ 33. Kxf2 Nb6 34. Nc3 g5 35. Ke2 h5 36. Kd3 g4 37. hxg4 hxg4 38. Ke2 g3 39. Kf1 Kf7 40. a3 Ke7 41. Nc6+ Kd7 42. Na5 Kc7 43. Ke2 Bd7 44. Kf1 Nc4 45. Nxc4 bxc4 46. a4 Kb6 47. a5+ Kc7 48. Ke2 Kb7 49. Kf1 Kc7 50. Ke2 Bc8 51. Nb1 Bd7 52. Nc3 1/2-1/2

[Event "Titled Tuesday intern op 27th Sep Late"]
[Site "Chess.com INT"]
[Date "2022.09.27"]
[Round "4"]
[White "Fernandez, Gerardo"]
[Black "Karwowski, Kacper"]
[Result "1/2-1/2"]
[WhiteElo "2169"]
[BlackElo "2216"]
[PlyCount "39"]
[EventDate "2022.09.27"]
[EventType "swiss (blitz)"]
[EventRounds "11"]
[EventCountry "USA"]
[SourceTitle "CBM 210 Extra"]
[Source "ChessBase"]
[SourceDate "2022.11.30"]
[SourceVersion "1"]
[SourceVersionDate "2022.11.30"]
[SourceQuality "1"]

1. e4 e5 2. Nf3 Nc6 3. Bc4 Bc5 4. b4 Bxb4 5. c3 Be7 6. d4 Na5 7. Be2 d6 8. 0-0 Nc6 9. h3 Nf6 10. Nbd2 0-0 11. Qb3 b6 12. Re1 Bb7 13. a4 h6 14. Qa2 Re8 15. Bc4 Rf8 16. Ba3 Na5 17. Bd3 Nc6 18. Bc4 Na5 19. Bd3 Nc6 20. Bc4 1/2-1/2

[Event "Titled Tuesday intern op 27th Sep Late"]
[Site "Chess.com INT"]
[Date "2022.09.27"]
[Round "10"]
[White "Karwowski, Kacper"]
[Black "Musovic, Armin"]
[Result "0-1"]
[WhiteElo "2216"]
[BlackElo "2316"]
[PlyCount "134"]
[EventDate "2022.09.27"]
[EventType "swiss (blitz)"]
[EventRounds "11"]
[EventCountry "USA"]
[SourceTitle "CBM 210 Extra"]
[Source "ChessBase"]
[SourceDate "2022.11.30"]
[SourceVersion "1"]
[SourceVersionDate "2022.11.30"]
[SourceQuality "1"]

1. e4 c6 2. d4 d5 3. exd5 cxd5 4. Bd3 Nc6 5. c3 Nf6 6. Bf4 g6 7. Nf3 Bg7 8. h3 0-0 9. Nbd2 Re8 10. 0-0 Nd7 11. Re1 f6 12. c4 e6 13. cxd5 exd5 14. Qb3 Rxe1+ 15. Rxe1 Nb6 16. a3 Bd7 17. Qa2 Be8 18. Nb3 Nd7 19. Nc5 Nxc5 20. dxc5 Bf7 21. b4 a6 22. Bd6 Bf8 23. Bf4 Qd7 24. Qb2 Bg7 25. Qc2 Re8 26. Rxe8+ Qxe8 27. Kf1 Qe6 28. Qe2 Qd7 29. Qc2 Nd8 30. Nd4 f5 31. Nf3 Nc6 32. Qe2 h6 33. Ne5 Qe6 34. Nxf7 Kxf7 35. Bc1 Qxe2+ 36. Kxe2 Ke6 37. g3 g5 38. f4 Bf6 39. Kf3 Nd4+ 40. Kf2 Nb3 41. Be3 Bb2 42. Ke2 Bxa3 43. Bd2 Nxd2 44. Kxd2 Bxb4+ 45. Ke3 Bxc5+ 46. Kf3 gxf4 47. Kxf4 Bd6+ 48. Kf3 Ke5 49. g4 fxg4+ 50. Kxg4 Be7 51. Kh5 Bg5 52. h4 Bf4 53. Kg6 a5 54. Bb5 Kd4 55. Kf5 Bg3 56. h5 Kc5 57. Ba4 b5 58. Bc2 a4 59. Kg6 Bf4 60. Kf5 Bg5 61. Ke6 d4 62. Ke5 b4 63. Ke4 b3 64. Bb1 a3 65. Kd3 a2 66. Bxa2 bxa2 67. Kc2 a1Q 0-1

[Event "Titled Tuesday intern op 27th Sep Late"]
[Site "Chess.com INT"]
[Date "2022.09.27"]
[Round "9"]
[White "Peatman, Carter F"]
[Black "Karwowski, Kacper"]
[Result "1-0"]
[WhiteElo "1935"]
[BlackElo "2216"]
[PlyCount "61"]
[EventDate "2022.09.27"]
[EventType "swiss (blitz)"]
[EventRounds "11"]
[EventCountry "USA"]
[SourceTitle "CBM 210 Extra"]
[Source "ChessBase"]
[SourceDate "2022.11.30"]
[SourceVersion "1"]
[SourceVersionDate "2022.11.30"]
[SourceQuality "1"]

1. d4 d5 2. Bf4 Nf6 3. e3 c6 4. c4 e6 5. Nc3 Bd6 6. Bg3 Bxg3 7. hxg3 Nbd7 8. Nf3 b6 9. Bd3 Bb7 10. Rc1 Rc8 11. Qb3 Qe7 12. g4 Nxg4 13. Qa4 a6 14. Qb3 b5 15. cxd5 cxd5 16. 0-0 0-0 17. a4 b4 18. a5 Ba8 19. Na2 Rxc1 20. Rxc1 Rb8 21. Rc7 Qd6 22. Qc2 h6 23. Rc8+ Nf8 24. Rxb8 Qxb8 25. Qa4 Qc7 26. Qxb4 Bc6 27. Nc3 Bb5 28. Bxb5 axb5 29. Qxb5 Ng6 30. Qb6 Qc4 31. Qb5 1-0

[Event "Titled Tuesday intern op 27th Sep Late"]
[Site "Chess.com INT"]
[Date "2022.09.27"]
[Round "6"]
[White "Urbina Perez, Juan Antonio"]
[Black "Karwowski, Kacper"]
[Result "0-1"]
[WhiteElo "2274"]
[BlackElo "2216"]
[PlyCount "32"]
[EventDate "2022.09.27"]
[EventType "swiss (blitz)"]
[EventRounds "11"]
[EventCountry "USA"]
[SourceTitle "CBM 210 Extra"]
[Source "ChessBase"]
[SourceDate "2022.11.30"]
[SourceVersion "1"]
[SourceVersionDate "2022.11.30"]
[SourceQuality "1"]

1. d4 d5 2. Nf3 Nf6 3. e3 c6 4. c4 e6 5. b3 Nbd7 6. Bd3 Bd6 7. Bb2 Qe7 8. Ne5 0-0 9. 0-0 Ne4 10. Nd2 Nxd2 11. Qxd2 f6 12. Nf3 e5 13. dxe5 fxe5 14. cxd5 cxd5 15. e4 d4 16. Bc4+ Kh8 0-1